Nutrition and Periodontal Health (Record no. 30357)

MARC details
000 -LEADER
fixed length control field 00290nam a22001337a 4500
003 - CONTROL NUMBER IDENTIFIER
control field SGT
082 ## - DEWEY DECIMAL CLASSIFICATION NUMBER
Classification number 617.632
Item number N24H
100 ## - MAIN ENTRY--PERSONAL NAME
Personal name Heena
245 ## - TITLE STATEMENT
Title Nutrition and Periodontal Health
Remainder of title 2024
260 ## - PUBLICATION, DISTRIBUTION, ETC. (IMPRINT)
Name of publisher, distributor, etc SGT University
Year of Publication 2024
300 ## - PAGE DESCRIPTION
No. of Pages 74
650 ## - SUBJECT ADDED ENTRY--TOPICAL TERM
Topical term or geographic name as entry element Periodontology
942 ## - ADDED ENTRY ELEMENTS (KOHA)
Source of classification or shelving scheme Dewey Decimal Classification
Koha item type Thesis/Dissertation
Holdings
Withdrawn status Lost status Source of classification or shelving scheme Damaged status Use restrictions Not for loan Home library Current library Date acquired SGTU Total Checkouts Full call number Accession No. (Barcode) Date last seen Bill Date Koha item type
    Dewey Decimal Classification   Restricted Access Not For Loan SGT Dental Library SGT Dental Library 20/03/2025 SGTU   617.632 N24H DT2206 20/03/2025 20/03/2025 Thesis/Dissertation